Organizational Behavior: a practical, problem-solving approach (Record no. 6265)

MARC details
000 -LEADER
fixed length control field 00613nam a22002057a 4500
003 - CONTROL NUMBER IDENTIFIER
control field OSt
005 - DATE AND TIME OF LATEST TRANSACTION
control field 20190829111459.0
008 - FIXED-LENGTH DATA ELEMENTS--GENERAL INFORMATION
fixed length control field 190829b ||||| |||| 00| 0 eng d
020 ## - INTERNATIONAL STANDARD BOOK NUMBER
International Standard Book Number 9789814714426
020 ## - INTERNATIONAL STANDARD BOOK NUMBER
International Standard Book Number 9814714429
040 ## - CATALOGING SOURCE
Transcribing agency DDC
082 ## - DEWEY DECIMAL CLASSIFICATION NUMBER
Classification number 302.35 KIN 2016
100 ## - MAIN ENTRY--PERSONAL NAME
Personal name Kinicki, Angelo; Fugate, Mel.
9 (RLIN) 12874
245 ## - TITLE STATEMENT
Title Organizational Behavior: a practical, problem-solving approach
260 ## - PUBLICATION, DISTRIBUTION, ETC. (IMPRINT)
Place of publication, distribution, etc. New York;
Name of publisher, distributor, etc. McGraw-hill,
Date of publication, distribution, etc. 2016
300 ## - PHYSICAL DESCRIPTION
Extent xxxiv,600p;
Other physical details col.ill:
Dimensions 28cm
504 ## - BIBLIOGRAPHY, ETC. NOTE
Bibliography, etc Photos, credits, notes, & index included
650 ## - SUBJECT ADDED ENTRY--TOPICAL TERM
Topical term or geographic name as entry element Organizational behavior
9 (RLIN) 12875
942 ## - ADDED ENTRY ELEMENTS (KOHA)
Source of classification or shelving scheme Dewey Decimal Classification
Koha item type Book
Holdings
Withdrawn status Lost status Source of classification or shelving scheme Damaged status Not for loan Home library Current library Date acquired Source of acquisition Inventory number Total Checkouts Full call number Barcode Date last seen Koha item type
    Dewey Decimal Classification     Faculty of Management Science Library Faculty of Management Science Library 29/08/2019 Purchase 19/40911   302.35 KIN 2016 2019-0275 29/08/2019 Book
    Dewey Decimal Classification     Faculty of Management Science Library Faculty of Management Science Library 29/08/2019 Purchase 19/40912   302.35 KIN 2016 2019-0276 29/08/2019 Book
    Dewey Decimal Classification     Faculty of Management Science Library Faculty of Management Science Library 29/08/2019 Purchase 19/40913   302.35 KIN 2016 2019-0277 29/08/2019 Book